| 000 | 00663nam a2200217 a 4500 | ||
|---|---|---|---|
| 001 | 000019104 | ||
| 005 | 20200929165926.0 | ||
| 008 | 100525s1944 ag 000 p spa d | ||
| 040 |
_aDO-SdBNP _bspa _cBNPHU |
||
| 082 |
_aCH861.4 _bN454r |
||
| 100 | 1 |
_aNeruda, Pablo, _d1904-1973 _99164 |
|
| 245 | 1 | 0 |
_aResidencia en la tierra : _b1925-1935 / _cPablo Neruda. |
| 260 |
_aBuenos Aires, Argentina : _bLosada, _c1944. |
||
| 300 |
_a287 p. ; _c21 cm. |
||
| 490 | 1 | _aPoetas de España y América | |
| 650 | 4 |
_aPoesía chilena _99166 |
|
| 650 | 4 |
_aLiteratura chilena _ySIGLO XX _914677 |
|
| 830 | 0 |
_aPoetas de España y América _941109 |
|
| 910 | _aWM | ||
| 049 | _aBNGR | ||
| 999 |
_c18622 _d18622 |
||